| 000 | 00489nam a2200169Ia 4500 | ||
|---|---|---|---|
| 003 | GCL | ||
| 008 | 140319s9999 xx 000 0 eng d | ||
| 040 |
_aGCL / _cGCL |
||
| 082 | 0 | 4 |
_aP _b052 _bS E |
| 100 | 1 | _aSOCIETE ORIENTALE DE PUBLICITE(S.O.P) | |
| 245 | 1 | 0 |
_aTHE EGYPTIAN GAZETTE / _cSOCIETE ORIENTALE DE PUBLICITE(S.O.P) |
| 260 |
_a[S.N] : _bSOCIETE ORIETALE DE PUBLICITE(S.O.P) ، _c1995 |
||
| 300 | _a8 | ||
| 650 | 0 | 4 | _aPERIODICALS |
| 650 | 0 | 4 | _aEGYPTIAN GAZETTE |
| 942 |
_2ddc _cCR |
||
| 999 |
_c25920 _d25920 |
||